000 00440nam a2200145 i 4500
001 61477
003 ES-MaACL
007 t|
008 031112s1930 fr ||||1| fre d
100 1 _aEvrat, Emile.
_948404
245 1 3 _aLe feminisme dans l'Eueide de Virgile et dans la Jerusalem delivrée du yasse /
_cEmile Evrat.
260 _aParis :
_b[s.n.,
_c1930] (
_fE. Baurlot et Cª)
300 _a190 p. ;
_c19 cm.
852 _aES-MaACL
_jB-6463
999 _c61477
_d61477